[Event "41. Torneo Internacional de La Roda"]
[Site "La Roda ESP"]
[Date "2014.04.20"]
[Round "9.3"]
[White "Forcen Esteban, Daniel"]
[Black "Dias, Paulo"]
[Result "1-0"]
[WhiteElo "2498"]
[BlackElo "2401"]
[PlyCount "57"]
[EventDate "2014.04.16"]
[EventType "swiss"]
[EventRounds "9"]
[EventCountry "ESP"]
[Source "lmi"]
[SourceDate "2014.04.16"]

1. d4 Nf6 2. Nf3 e6 3. e3 d5 4. c4 Be7 5. Nbd2 O-O 6. Bd3 c5 7. O-O cxd4 8.
exd4 Nc6 9. b3 b6 10. Bb2 Bb7 11. Rc1 dxc4 12. bxc4 Rc8 13. Qe2 Rc7 14. Bb1 g6
15. Rfd1 Re8 16. Nf1 Rd7 17. Ne3 Bf8 18. Bc2 Nh5 19. Ng4 f5 20. Ne3 Nf4 21. Qf1
g5 22. d5 exd5 23. cxd5 Na5 24. Ba4 g4 25. Ne5 Rd6 26. Bxe8 Qxe8 27. Nxf5 Rxd5
28. Rxd5 Bxd5 29. Nxg4 1-0

[Event "41. Torneo Internacional de La Roda"]
[Site "La Roda ESP"]
[Date "2014.04.20"]
[Round "9.5"]
[White "Suarez Gomez, Julio"]
[Black "Arribas Lopez, Angel"]
[Result "0-1"]
[WhiteElo "2232"]
[BlackElo "2476"]
[PlyCount "114"]
[EventDate "2014.04.16"]
[EventType "swiss"]
[EventRounds "9"]
[EventCountry "ESP"]
[Source "lmi"]
[SourceDate "2014.04.16"]

1. e4 c5 2. Nf3 Nc6 3. d4 cxd4 4. Nxd4 Nf6 5. Nc3 d6 6. Be2 g6 7. Nb3 Bg7 8.
O-O O-O 9. Re1 Be6 10. Bf1 a5 11. a4 Rc8 12. Bg5 Nd7 13. Rb1 Bxc3 14. bxc3 Nb6
15. Bb5 f6 16. Bh6 Rf7 17. Be3 Nc4 18. Nd4 Nxd4 19. cxd4 d5 20. Bf4 Na3 21. Rb2
dxe4 22. Rxe4 Bf5 23. Re2 e5 24. Be3 exd4 25. Bxd4 Bxc2 26. Qd2 Nxb5 27. axb5
Rd7 28. Rxc2 Rxc2 29. Qxc2 Rxd4 30. Re1 Kg7 31. g3 b6 32. h4 Qd7 33. Qc1 Rd5
34. Qf4 Rxb5 35. Qb8 Rb2 36. h5 Qd4 37. Qb7+ Kh6 38. Qf3 Rb5 39. hxg6 hxg6 40.
Re4 Qa1+ 41. Kg2 Rh5 42. Rh4 Rxh4 43. Qe3+ g5 44. gxh4 Qe5 45. Qxb6 gxh4 46.
Qd8 a4 47. Qh8+ Kg5 48. Qg8+ Kf4 49. Kh3 Qf5+ 50. Kh2 Kf3 51. Qa2 Qe5+ 52. Kh3
Qf5+ 53. Kh2 Qc5 54. Kh3 Qd4 55. Qe6 Kxf2 56. Qf5+ Ke3 57. Qf2+ Kxf2 0-1

[Event "41. Torneo Internacional de La Roda"]
[Site "La Roda ESP"]
[Date "2014.04.20"]
[Round "9.6"]
[White "Perez Candelario, Manuel"]
[Black "Martins, David Pires Tavares"]
[Result "1-0"]
[WhiteElo "2561"]
[BlackElo "2167"]
[PlyCount "135"]
[EventDate "2014.04.16"]
[EventType "swiss"]
[EventRounds "9"]
[EventCountry "ESP"]
[Source "lmi"]
[SourceDate "2014.04.16"]

1. e4 e6 2. d4 d5 3. Nd2 Be7 4. c3 c5 5. dxc5 Bxc5 6. Bd3 Nc6 7. Ngf3 Nf6 8.
Qe2 O-O 9. O-O a5 10. exd5 exd5 11. Nb3 Re8 12. Qc2 Bb6 13. Nbd4 Bg4 14. Bg5 h6
15. Bh4 g5 16. Bg3 Ne4 17. Bxe4 Rxe4 18. Nxc6 bxc6 19. Ne5 Bf5 20. Qd2 Qf6 21.
Rae1 Rxe1 22. Rxe1 Re8 23. h3 h5 24. Nf3 Rxe1+ 25. Qxe1 Be4 26. Nd2 h4 27. Bb8
Qf5 28. Nxe4 dxe4 29. Qd2 g4 30. hxg4 Qxg4 31. Qf4 Qxf4 32. Bxf4 Bd8 33. a4 f5
34. Kf1 Kf7 35. Ke2 Ke6 36. c4 Bf6 37. b3 Be5 38. Bg5 Bf6 39. Bd2 Bd8 40. Bf4
Kd7 41. Bd2 Ke6 42. Bf4 Kd7 43. Be3 Kd6 44. Bd4 Ke6 45. f3 Bc7 46. Ke3 Bh2 47.
Bc3 Bg1+ 48. Ke2 Bb6 49. Bd2 Bd8 50. Bf4 Be7 51. Bc7 Bb4 52. Bd8 exf3+ 53. Kxf3
Ke5 54. Ke2 h3 55. gxh3 Ke4 56. h4 f4 57. h5 Bc3 58. Bc7 f3+ 59. Kf2 Bd2 60. h6
Bxh6 61. Bxa5 Be3+ 62. Kf1 Ba7 63. Bc7 c5 64. a5 Kd4 65. Bb6 Bb8 66. a6 Kc3 67.
Bxc5 Kxb3 68. Bd6 1-0

[Event "41. Torneo Internacional de La Roda"]
[Site "La Roda ESP"]
[Date "2014.04.20"]
[Round "9.7"]
[White "Cabezas Ayala, Ivan"]
[Black "Strikovic, Aleksa"]
[Result "0-1"]
[WhiteElo "2328"]
[BlackElo "2533"]
[PlyCount "100"]
[EventDate "2014.04.16"]
[EventType "swiss"]
[EventRounds "9"]
[EventCountry "ESP"]
[Source "lmi"]
[SourceDate "2014.04.16"]

1. e4 d6 2. d4 Nf6 3. Nc3 e5 4. Nf3 Nbd7 5. Bc4 exd4 6. Nxd4 Nb6 7. Be2 Be7 8.
a4 a5 9. O-O O-O 10. Re1 c6 11. h3 Re8 12. Bf1 Bf8 13. Bg5 Nbd7 14. Qd2 Nc5 15.
Bh4 Be7 16. Bg3 Qb6 17. Rad1 h6 18. Kh1 Bd7 19. b3 Qb4 20. e5 Nh5 21. Bh2 Bg5
22. f4 Bh4 23. Re3 dxe5 24. Rxe5 Rxe5 25. fxe5 Ng3+ 26. Bxg3 Bxg3 27. Qe3 Bh4
28. Bc4 Bg5 29. Qf3 Rf8 30. Rf1 Be7 31. Qe3 Kh8 32. Nf5 Bg5 33. Qg3 b5 34. axb5
cxb5 35. h4 bxc4 36. hxg5 Bxf5 37. Rxf5 cxb3 38. gxh6 g6 39. cxb3 Qxb3 40. e6
Nxe6 41. Rxa5 Kh7 42. Qe5 Kxh6 43. Ra4 f6 44. Qe3+ Kg7 45. Ra7+ Rf7 46. Rxf7+
Kxf7 47. Qa7+ Kg8 48. Qa8+ Kg7 49. Qd5 Qxc3 50. Qxe6 Qa1+ 0-1

[Event "41. Torneo Internacional de La Roda"]
[Site "La Roda ESP"]
[Date "2014.04.20"]
[Round "9.8"]
[White "Gonzalez Diaz, Julio"]
[Black "Del Rio De Angelis, Salvador G"]
[Result "0-1"]
[WhiteElo "2259"]
[BlackElo "2507"]
[PlyCount "74"]
[EventDate "2014.04.16"]
[EventType "swiss"]
[EventRounds "9"]
[EventCountry "ESP"]
[Source "lmi"]
[SourceDate "2014.04.16"]

1. e4 d6 2. d4 Nf6 3. Nc3 e5 4. dxe5 dxe5 5. Qxd8+ Kxd8 6. Bc4 Bb4 7. f3 Ke7 8.
Nge2 c6 9. a3 Bc5 10. g4 Be6 11. Bxe6 fxe6 12. Ng3 Na6 13. Ke2 Bd4 14. Nd1 h5
15. g5 Nd7 16. h4 Nf8 17. Nf2 Ng6 18. Nd3 c5 19. c3 c4 20. Nb4 Bc5 21. Rb1 Nb8
22. b3 cxb3 23. Nd3 Nd7 24. Rxb3 b6 25. f4 exf4 26. Nxf4 Nxf4+ 27. Bxf4 Nf8 28.
Nf1 Ng6 29. Bg3 Rhf8 30. Nd2 Rad8 31. Rh2 Nf4+ 32. Bxf4 Rxf4 33. c4 Rg4 34. Rf3
Bg1 35. Rh1 Rg2+ 36. Kf1 Rdxd2 37. Rxg1 Rh2 0-1

[Event "41. Torneo Internacional de La Roda"]
[Site "La Roda ESP"]
[Date "2014.04.20"]
[Round "9.9"]
[White "Lillo Castany, Victor"]
[Black "Campora, Daniel H"]
[Result "0-1"]
[WhiteElo "2303"]
[BlackElo "2458"]
[PlyCount "130"]
[EventDate "2014.04.16"]
[EventType "swiss"]
[EventRounds "9"]
[EventCountry "ESP"]
[Source "lmi"]
[SourceDate "2014.04.16"]

1. e4 e5 2. Nf3 Nc6 3. Bc4 Bc5 4. c3 Nf6 5. d3 a6 6. Nbd2 O-O 7. O-O d6 8. Bb3
Ba7 9. h3 Ne7 10. Re1 Ng6 11. Nf1 c6 12. Ng3 h6 13. d4 Re8 14. Bc2 Qc7 15. Be3
b5 16. Qd2 Kh7 17. Rad1 Be6 18. Nf5 Ng8 19. dxe5 dxe5 20. Bxa7 Rxa7 21. Qd6 Nf6
22. Qxc7 Rxc7 23. a4 Rb8 24. Rd2 bxa4 25. Bxa4 Kg8 26. Ng3 Nd7 27. Ra1 Nb6 28.
Rd6 Nc4 29. Rxc6 Rxc6 30. Bxc6 Rb6 31. Ba8 Nxb2 32. Ra5 f6 33. Bd5 Nf4 34.
Bxe6+ Nxe6 35. Nf5 Nd3 36. Ra2 Nec5 37. Nd2 Kf7 38. Kf1 Nxe4 39. f3 Nec5 40.
Ne3 h5 41. Nec4 Rc6 42. h4 Ke6 43. g3 f5 44. Ra5 Nb7 45. Ra4 g6 46. Ke2 Ndc5
47. Ra3 Nd6 48. Nxd6 Kxd6 49. Nc4+ Ke6 50. Ra5 e4 51. f4 Nd7 52. Ne3 Kd6 53. c4
Nc5 54. Nd5 Nb7 55. Ra4 a5 56. Ke3 Ra6 57. Kd4 Nc5 58. Ra2 a4 59. Kc3 Ra7 60.
Nb6 Kc6 61. Nd5 Rb7 62. Nb4+ Kd6 63. Rd2+ Nd3 64. Nc2 Kc5 65. Nd4 Rb1 0-1

[Event "41. Torneo Internacional de La Roda"]
[Site "La Roda ESP"]
[Date "2014.04.20"]
[Round "9.10"]
[White "Perez Garcia, Alejandro"]
[Black "Suba, Mihai"]
[Result "1/2-1/2"]
[WhiteElo "2102"]
[BlackElo "2401"]
[PlyCount "39"]
[EventDate "2014.04.16"]
[EventType "swiss"]
[EventRounds "9"]
[EventCountry "ESP"]
[Source "lmi"]
[SourceDate "2014.04.16"]

1. d4 Nf6 2. Bg5 c6 3. Bxf6 gxf6 4. e3 d5 5. Nd2 Bf5 6. Ne2 e6 7. Ng3 Bg6 8.
Be2 Nd7 9. O-O a6 10. f4 f5 11. c4 Nf6 12. c5 h5 13. Nh1 Ne4 14. Nxe4 fxe4 15.
b4 Be7 16. a4 Bf6 17. b5 axb5 18. axb5 Kf8 19. b6 h4 20. Nf2 1/2-1/2

[Event "41. Torneo Internacional de La Roda"]
[Site "La Roda ESP"]
[Date "2014.04.20"]
[Round "9.11"]
[White "Sanchez Botella, Luis Javier"]
[Black "Santos Ruiz, Miguel"]
[Result "0-1"]
[WhiteElo "2236"]
[BlackElo "2344"]
[PlyCount "100"]
[EventDate "2014.04.16"]
[EventType "swiss"]
[EventRounds "9"]
[EventCountry "ESP"]
[Source "lmi"]
[SourceDate "2014.04.16"]

1. Nf3 Nf6 2. c4 b6 3. Nc3 Bb7 4. g3 e6 5. Bg2 Be7 6. O-O O-O 7. d4 Na6 8. d5
Bb4 9. Nd4 Bxc3 10. bxc3 Nc5 11. Nb3 Nce4 12. Ba3 d6 13. f3 Nxc3 14. Qc2 Na4
15. dxe6 fxe6 16. Nd4 Qd7 17. Bh3 Rae8 18. Nxe6 Rxe6 19. Bxe6+ Qxe6 20. Qxa4
Qe3+ 21. Rf2 Ng4 22. Raf1 Nxf2 23. Rxf2 Bxf3 24. Qb3 Qxb3 25. axb3 Bg4 26.
Rxf8+ Kxf8 27. Kf2 Kf7 28. Ke3 Ke6 29. Bb2 g6 30. Kd3 d5 31. e4 dxc4+ 32. Kxc4
Be2+ 33. Kc3 a5 34. Bc1 c5 35. Bf4 Kd7 36. Bh6 b5 37. Bf8 Kc6 38. Be7 b4+ 39.
Kd2 Bg4 40. Bd8 Kb5 41. e5 Be6 42. Kc2 c4 43. bxc4+ Bxc4 44. Kb2 a4 45. Be7 Be6
46. h4 h5 47. Bf8 a3+ 48. Kc2 Ka4 49. Kb1 b3 50. Bc5 Bf5+ 0-1

[Event "41. Torneo Internacional de La Roda"]
[Site "La Roda ESP"]
[Date "2014.04.20"]
[Round "9.12"]
[White "Maiorov, Nikita"]
[Black "Aranaz Murillo, Amalia"]
[Result "1/2-1/2"]
[WhiteElo "2522"]
[BlackElo "2279"]
[PlyCount "135"]
[EventDate "2014.04.16"]
[EventType "swiss"]
[EventRounds "9"]
[EventCountry "ESP"]
[Source "lmi"]
[SourceDate "2014.04.16"]

1. d4 e6 2. c4 Bb4+ 3. Bd2 a5 4. a3 Bxd2+ 5. Qxd2 Nf6 6. Nc3 d6 7. Nf3 Nc6 8.
g3 e5 9. Bg2 O-O 10. Rd1 exd4 11. Nxd4 Nxd4 12. Qxd4 Nd7 13. b4 axb4 14. axb4
Qf6 15. Qd2 Nb6 16. Qc1 Be6 17. c5 Na4 18. Ne4 Qb2 19. Qxb2 Nxb2 20. Rb1 Nc4
21. cxd6 cxd6 22. Nc3 Ra3 23. Rc1 Rb3 24. Bxb7 Rxb4 25. Bg2 g6 26. O-O Rc8 27.
Ne4 Rb2 28. Rfe1 Kg7 29. Rb1 Rxb1 30. Rxb1 Bf5 31. Rd1 Bxe4 32. Bxe4 Kf6 33.
Ra1 Ke6 34. Ra7 Rd8 35. f4 h5 36. Kf2 d5 37. Bd3 Nd6 38. h3 Rb8 39. Ke3 Rb7 40.
Ra6 Rb4 41. Kd2 d4 42. Ke1 Rb8 43. Ra4 Kd5 44. Ra5+ Ke6 45. Re5+ Kd7 46. f5 f6
47. Rd5 gxf5 48. Rxd4 Ke6 49. Kf2 Rg8 50. Kf3 Rg7 51. Rh4 Rg5 52. Ra4 Rg7 53.
Ra6 Ke5 54. Ra5+ Ke6 55. Kf4 Rg5 56. Ra6 Ke7 57. Ra7+ Ke6 58. Ra5 h4 59. gxh4
Rh5 60. Ra6 Rxh4+ 61. Kg3 Rh5 62. h4 Ke5 63. e3 Ne4+ 64. Bxe4 Kxe4 65. Re6+ Kd3
66. Kf4 Rxh4+ 67. Kxf5 Rh3 68. Kf4 1/2-1/2

[Event "41. Torneo Internacional de La Roda"]
[Site "La Roda ESP"]
[Date "2014.04.20"]
[Round "9.13"]
[White "Serna Lara, Sergio"]
[Black "Plaskett, H James"]
[Result "0-1"]
[WhiteElo "2281"]
[BlackElo "2496"]
[PlyCount "80"]
[EventDate "2014.04.16"]
[EventType "swiss"]
[EventRounds "9"]
[EventCountry "ESP"]
[Source "lmi"]
[SourceDate "2014.04.16"]

1. d4 Nf6 2. c4 b6 3. Nc3 Bb7 4. d5 e6 5. a3 Bd6 6. Nf3 O-O 7. g3 Ba6 8. b3
exd5 9. cxd5 Re8 10. Bg2 c5 11. dxc6 dxc6 12. O-O Bb7 13. Ra2 Bf8 14. Rd2 Qc8
15. Ng5 c5 16. Bxb7 Qxb7 17. Bb2 Nc6 18. Nb5 Ne5 19. Qc2 h6 20. Nf3 Nxf3+ 21.
exf3 Qc6 22. a4 Re6 23. Bxf6 Rxf6 24. f4 h5 25. Nc3 Re8 26. Re2 Rfe6 27. Rfe1
h4 28. Rxe6 Rxe6 29. Rxe6 Qxe6 30. Ne4 Be7 31. Qc4 Qd7 32. Qe2 h3 33. Qf1 Qd5
34. Ng5 Bxg5 35. fxg5 Qxb3 36. Qxh3 Qd1+ 37. Kg2 Qd5+ 38. Kg1 g6 39. Qc8+ Kg7
40. h4 c4 0-1

[Event "41. Torneo Internacional de La Roda"]
[Site "La Roda ESP"]
[Date "2014.04.20"]
[Round "9.14"]
[White "Arias Igual, Alejandro"]
[Black "Rubio Mejia, Luis Ignacio"]
[Result "0-1"]
[WhiteElo "2238"]
[BlackElo "2457"]
[PlyCount "88"]
[EventDate "2014.04.16"]
[EventType "swiss"]
[EventRounds "9"]
[EventCountry "ESP"]
[Source "lmi"]
[SourceDate "2014.04.16"]

1. d4 Nf6 2. c4 e6 3. Nf3 Bb4+ 4. Bd2 Qe7 5. g3 Bxd2+ 6. Qxd2 Nc6 7. d5 Ne4 8.
Qc2 exd5 9. cxd5 Nb4 10. Qxc7 Nc5 11. d6 Qe4 12. Nc3 Nbd3+ 13. Kd2 Qb4 14. Rd1
Ne6 15. a3 Qg4 16. h3 Qg6 17. Qc4 Nxf2 18. Qh4 Ng5 19. Rh2 Nfe4+ 20. Kc1 O-O
21. Nxg5 Nxg5 22. Bg2 h6 23. Qf4 Ne6 24. Qe5 Nd8 25. Be4 Nc6 26. Qf4 Qg5 27.
Qxg5 hxg5 28. Kc2 b6 29. g4 Bb7 30. h4 gxh4 31. Rxh4 Nd4+ 32. Kd3 Bxe4+ 33.
Kxe4 Ne6 34. Rdh1 f6 35. Nd5 Kf7 36. Rc1 Rac8 37. Rhh1 Nc5+ 38. Kf5 Rc6 39. b4
Rxd6 40. Ne3 Rd4 41. Rh7 Re8 42. Nc4 Ree4 43. Nd6+ Rxd6 44. bxc5 Rdd4 0-1

[Event "41. Torneo Internacional de La Roda"]
[Site "La Roda ESP"]
[Date "2014.04.20"]
[Round "9.15"]
[White "Congiu, Mathilde"]
[Black "Garcia, Jhoel"]
[Result "0-1"]
[WhiteElo "2281"]
[BlackElo "2367"]
[PlyCount "54"]
[EventDate "2014.04.16"]
[EventType "swiss"]
[EventRounds "9"]
[EventCountry "ESP"]
[Source "lmi"]
[SourceDate "2014.04.16"]

1. e4 c5 2. Nf3 e6 3. d4 cxd4 4. Nxd4 a6 5. Bd3 Qc7 6. O-O Nc6 7. Nxc6 bxc6 8.
Nc3 Nf6 9. Qe2 d5 10. Re1 Be7 11. e5 Nd7 12. Bf4 Bb7 13. Qg4 g6 14. h4 h5 15.
Qg3 Qd8 16. Bg5 Bxg5 17. hxg5 h4 18. Qg4 Rh5 19. f4 Qb6+ 20. Kh2 h3 21. Kg3
hxg2 22. Kxg2 O-O-O 23. Rh1 Qxb2 24. Ne2 Rxh1 25. Rxh1 c5 26. Kf2 c4 27. Bxg6
Qb6+ 0-1

[Event "41. Torneo Internacional de La Roda"]
[Site "La Roda ESP"]
[Date "2014.04.20"]
[Round "9.16"]
[White "Gonzalez Trigal, Jose Luis"]
[Black "Camarena Gimenez, Rufino"]
[Result "1/2-1/2"]
[WhiteElo "2231"]
[BlackElo "2359"]
[PlyCount "63"]
[EventDate "2014.04.16"]
[EventType "swiss"]
[EventRounds "9"]
[EventCountry "ESP"]
[Source "lmi"]
[SourceDate "2014.04.16"]

1. d4 Nf6 2. c4 g6 3. Nf3 Bg7 4. g3 O-O 5. Bg2 d6 6. Nc3 Nbd7 7. O-O e5 8. e4
c6 9. h3 exd4 10. Nxd4 Re8 11. Be3 Nc5 12. Qc2 a5 13. Rad1 Nfd7 14. b3 Qb6 15.
Rfe1 a4 16. f4 axb3 17. axb3 Ra3 18. Nb1 Bxd4 19. Bxd4 Rxb3 20. Kh2 Qb4 21. Nd2
Rd3 22. Bb2 Qa4 23. Qb1 Qb4 24. Qc2 Qa4 25. Qc1 Nb6 26. Bf1 Qb4 27. Qc2 Nba4
28. Bf6 Ra3 29. Nb1 Rb3 30. Nd2 Ra3 31. Nb1 Rb3 32. Nd2 1/2-1/2

[Event "41. Torneo Internacional de La Roda"]
[Site "La Roda ESP"]
[Date "2014.04.20"]
[Round "9.17"]
[White "Tudela Corbalan, Carlos"]
[Black "Cruz Lledo, Pablo"]
[Result "0-1"]
[WhiteElo "2228"]
[BlackElo "2339"]
[PlyCount "56"]
[EventDate "2014.04.16"]
[EventType "swiss"]
[EventRounds "9"]
[EventCountry "ESP"]
[Source "lmi"]
[SourceDate "2014.04.16"]

1. e4 c6 2. d4 d5 3. e5 g6 4. c4 Nh6 5. Nc3 Bg7 6. h3 dxc4 7. Bxc4 Nf5 8. Nf3
c5 9. d5 a6 10. Bf4 b5 11. Bb3 f6 12. O-O O-O 13. d6+ e6 14. Ne4 c4 15. exf6
Bxf6 16. Nxf6+ Qxf6 17. Bg5 Qxb2 18. Bc2 Bb7 19. d7 Bxf3 20. Qxf3 Nxd7 21. Bxf5
gxf5 22. Bh6 Rfe8 23. Rad1 Nc5 24. Rfe1 Qf6 25. Qg3+ Qg6 26. Qh4 e5 27. Rd5 Nd3
28. Re3 f4 0-1

[Event "41. Torneo Internacional de La Roda"]
[Site "La Roda ESP"]
[Date "2014.04.20"]
[Round "9.18"]
[White "Valmana Canto, Jaime"]
[Black "Santos, Antonio P"]
[Result "1/2-1/2"]
[WhiteElo "2310"]
[BlackElo "2235"]
[PlyCount "124"]
[EventDate "2014.04.16"]
[EventType "swiss"]
[EventRounds "9"]
[EventCountry "ESP"]
[Source "lmi"]
[SourceDate "2014.04.16"]

1. d4 Nf6 2. Nf3 g6 3. g3 Bg7 4. Bg2 O-O 5. O-O d5 6. c4 dxc4 7. Qc2 Na6 8.
Qxc4 Be6 9. Qb5 Qc8 10. Rd1 c6 11. Qa4 Rd8 12. Nc3 Nd5 13. Bg5 f6 14. Bd2 Nb6
15. Qc2 Nb4 16. Qb1 Nc4 17. Bc1 c5 18. a3 cxd4 19. Nxd4 Nc6 20. Nxc6 Rxd1+ 21.
Nxd1 bxc6 22. b3 Rb8 23. Qc2 Na5 24. b4 Nb3 25. Rb1 Nd4 26. Qd3 c5 27. Bb2 f5
28. bxc5 Rb3 29. Qd2 Qxc5 30. Ne3 Qb5 31. Bf1 a5 32. Nd1 a4 33. Bxd4 Rxb1 34.
Bxg7 Kxg7 35. Nc3 Rxf1+ 36. Kxf1 Qc6 37. Qd4+ Kf7 38. f3 Bb3 39. Kf2 g5 40. Qe5
Kg6 41. Nb5 Qf6 42. Qb8 f4 43. Qe8+ Bf7 44. Qd8 Bc4 45. Nd4 e5 46. Qxf6+ Kxf6
47. Nc2 Kf5 48. e3 h5 49. h4 Bb3 50. Ne1 fxg3+ 51. Kxg3 gxh4+ 52. Kxh4 Bd1 53.
Kxh5 e4 54. Kh4 exf3 55. Kg3 Ke4 56. Kf2 Be2 57. Nc2 Kd3 58. Nd4 Kc3 59. Nxe2+
fxe2 60. Kxe2 Kb3 61. e4 Kxa3 62. e5 Kb2 1/2-1/2

[Event "41. Torneo Internacional de La Roda"]
[Site "La Roda ESP"]
[Date "2014.04.20"]
[Round "9.19"]
[White "Quintin Navarro, Alberto"]
[Black "Perez Garcia, Roberto"]
[Result "1-0"]
[WhiteElo "2296"]
[BlackElo "2178"]
[PlyCount "63"]
[EventDate "2014.04.16"]
[EventType "swiss"]
[EventRounds "9"]
[EventCountry "ESP"]
[Source "lmi"]
[SourceDate "2014.04.16"]

1. d4 d5 2. c4 e6 3. Nf3 a6 4. e3 c5 5. Nc3 Nf6 6. a3 cxd4 7. exd4 Nc6 8. Bd3
Be7 9. c5 O-O 10. O-O b6 11. b4 bxc5 12. bxc5 Qc7 13. Bg5 Nh5 14. Bxe7 Qxe7 15.
Ne5 Nxe5 16. Bxh7+ Kxh7 17. Qxh5+ Kg8 18. Qxe5 Qd8 19. Rab1 Qa5 20. Rb3 Ra7 21.
Rfb1 Rb7 22. Nxd5 exd5 23. Rxb7 Bxb7 24. Rxb7 Qxa3 25. g3 Qc1+ 26. Kg2 Qc4 27.
Rd7 a5 28. Qxd5 Qxd5+ 29. Rxd5 Ra8 30. c6 Kf8 31. c7 Ke7 32. Rxa5 1-0

[Event "41. Torneo Internacional de La Roda"]
[Site "La Roda ESP"]
[Date "2014.04.20"]
[Round "9.20"]
[White "Claros Egea, Christian"]
[Black "Rego, Pedro Filipe"]
[Result "0-1"]
[WhiteElo "2288"]
[BlackElo "2226"]
[PlyCount "62"]
[EventDate "2014.04.16"]
[EventType "swiss"]
[EventRounds "9"]
[EventCountry "ESP"]
[Source "lmi"]
[SourceDate "2014.04.16"]

1. e4 e5 2. Nf3 Nc6 3. Bb5 a6 4. Ba4 Nf6 5. Qe2 b5 6. Bb3 Be7 7. O-O d6 8. c3
O-O 9. Rd1 Na5 10. Bc2 c5 11. d4 cxd4 12. cxd4 Qc7 13. d5 Bg4 14. Bd3 Nxe4 15.
Bxe4 f5 16. h3 fxe4 17. hxg4 exf3 18. gxf3 Rf7 19. Nc3 Raf8 20. Rd3 Qd7 21. Kg2
b4 22. Ne4 Qb5 23. Qd1 Nb7 24. a3 Nc5 25. Nxc5 dxc5 26. d6 Bd8 27. Rd5 Rxf3 28.
Be3 Qc4 29. Rxe5 Qxg4+ 30. Kf1 Bh4 31. Ke1 Rxe3+ 0-1

[Event "41. Torneo Internacional de La Roda"]
[Site "La Roda ESP"]
[Date "2014.04.20"]
[Round "9.21"]
[White "Ramiro Ovejero, Juan Luis"]
[Black "Buendia Pinar, Alvaro"]
[Result "0-1"]
[WhiteElo "2382"]
[BlackElo "2151"]
[PlyCount "74"]
[EventDate "2014.04.16"]
[EventType "swiss"]
[EventRounds "9"]
[EventCountry "ESP"]
[Source "lmi"]
[SourceDate "2014.04.16"]

1. e4 c6 2. d4 d5 3. e5 c5 4. c4 Nc6 5. Nf3 e6 6. cxd5 exd5 7. Bb5 h6 8. O-O
Be6 9. Nc3 c4 10. b3 cxb3 11. Qxb3 Nge7 12. Ba3 Nf5 13. Bxf8 Kxf8 14. Bd3 Nfe7
15. Ne2 Rb8 16. Nd2 Qa5 17. Rad1 Nf5 18. Bxf5 Bxf5 19. f4 g6 20. Nf3 Ne7 21.
Ng3 h5 22. Nh4 Bg4 23. Rc1 Qd2 24. Qa4 Nc6 25. f5 g5 26. Ng6+ fxg6 27. fxg6+
Kg7 28. Rxc6 bxc6 29. Qxa7+ Kh6 30. Rf6 Qe3+ 31. Kh1 Rb1+ 32. Nf1 Qf4 33. Rxf4
gxf4 34. Kg1 Be2 35. Kf2 Bxf1 36. Qf7 Bd3 37. g7 Rf1# 0-1